Normal view
MARC view
- Genomes
Entry Topical Term
001 - CONTROL NUMBER
- control field: 2943
003 - CONTROL NUMBER IDENTIFIER
- control field: NUST
005 - DATE AND TIME OF LATEST TRANSACTION
- control field: 20170620124123.0
008 - FIXED-LENGTH DATA ELEMENTS
- fixed length control field: 170620|| aca||aabn | a|a d
040 ## - CATALOGING SOURCE
- Original cataloging agency: NUST
- Transcribing agency: NUST
150 ## - HEADING--TOPICAL TERM
- Topical term or geographic name entry element: Genomes
- Form subdivision: Dictionaries.
670 ## - SOURCE DATA FOUND
- Source citation: Work cat.: (NUST)0: Witherly, Jeffre L. 2939, An A to Z of DNA science :, c2001.
